000 00572nam a2200205Ia 4500
005 20250508164612.0
008 008 250505s9999 xx 000 0 hin d
037 _aTextual
040 _aFEDL
_beng
_cFEDL
041 _ahin
_2hin
084 _a491.2, NCE
_qFEDL
245 0 _aAbhyas pushtika: Swasti. Part 1
245 0 _cN C E R T
260 _aNew Delhi, India
_bNational Council of Educational Research and Training
_c1983
300 _a90p.
365 _aINR
_b50
546 _aMACESE
942 _cTEXL
_h491.2, NCE
999 _c1390076
_d1390076